Ukryte imiona w żeńskich imionach - Statystyki

Ogólne statystyki
  • Ten quiz został rozwiązany 203 razy
  • Średni wynik to 40 z 58
Statystyki odpowiedzi
Imię Ukryte Imiona % Poprawnych
Joanna Anna
98%
Zuzanna Anna
98%
Hanna Anna
98%
Adrianna Anna
98%
Lilianna Anna
98%
Marzanna Anna
98%
Milena Lena
97%
Marlena Lena
97%
Elena Lena
97%
Alena Lena
97%
Janina Nina
88%
Urszula Ula
88%
Paula Ula
88%
Halina Alina
85%
Kalina Alina
85%
Eliza Iza
85%
Mariana Maria
84%
Mariola Ola
83%
Pola Ola
83%
Aniela Ela
80%
Nela Ela
80%
Oliwia Liwia
77%
Kamila Kamil
69%
Wiesława Wiesław
68%
Żaneta Aneta
67%
Stanisława Stanisław
67%
Czesława Czesław
66%
Mirosława Mirosław
66%
Romana Roman
66%
Alfreda Alfred
65%
Helena Elena
65%
Eryka Eryk
65%
Henryka Henryk
65%
Józefa Józef
65%
Ludwika Ludwik
65%
Mieczysława Mieczysław
65%
Stefania Stefan
65%
Walentyna Walenty
65%
Zdzisława Zdzisław
65%
Ryszarda Ryszard
64%
Sławomira Sławomir
64%
Teodora Teodor
64%
Zenona Zenon
64%
Bogusława Bogusław
63%
Daniela Daniel
63%
Władysława Władysław
63%
Bogumiła Bogumił
62%
Romualda Romuald
61%
Marcelina Celina
60%
Jadwiga Iga
56%
Bronisław Bronisław
47%
Magdalena Magda, Lena
38%
Aleksandra Alek, Sandra
28%
Marianna Maria, Anna
27%
Julianna Julia, Anna
23%
Antonina Antoni, Nina
22%
Izabela Iza, Ela
19%
Michalina Halina, Alina
14%
Nie znaleziono quizów pasujących do podanych kryteriów
Rozkład punktacji
Procent ludzi z każdym wynikiem
Percentyl według liczby udzielonych odpowiedzi
Twoja historia wyników
Nie rozwiązałeś tego quizu